Rutzi, el pequeño alucinado / (Record no. 184639)

MARC details
000 -LEADER
campo de control de longitud fija 00601nam a2200181 i 4500
001 - NÚMERO DE CONTROL
campo de control 184639
003 - IDENTIFICADOR DE NÚMERO DE CONTROL
campo de control ES-MaACL
005 - FECHA Y HORA DE LA ÚLTIMA TRANSACCIÓN
campo de control 20230906222238.0
008 - DATOS DE LONGITUD FIJA--INFORMACIÓN GENERAL
campo de control de longitud fija 151029s1947 pe |||| | spa d
100 1# - ENTRADA PRINCIPAL--NOMBRE DE PERSONA
Nombre de persona Carvallo, Carlota.
9 (RLIN) 158039
245 10 - MENCIÓN DEL TÍTULO
Título Rutzi, el pequeño alucinado /
Mención de responsabilidad, etc. Carlota Carvallo de Núñez.
260 ## - PUBLICACIÓN, DISTRIBUCIÓN, ETC.
Lugar de publicación, distribución, etc. [Lima] :
Nombre del editor, distribuidor, etc. Prensas del Ministerio de Educación Publica,
Fecha de publicación, distribución, etc. [1947]
300 ## - DESCRIPCIÓN FÍSICA
Extensión 219 p., 9 h. de lám. col. ;
Dimensiones 21 cm.
490 1# - MENCIÓN DE SERIE
Mención de serie Colección Escolar Peruana ;
Designación de volumen o secuencia 3
830 0# - PUNTO DE ACCESO ADICIONAL DE SERIE-TÍTULO UNIFORME
Título uniforme Colección Escolar Peruana ;
Designación de volumen o secuencia 3
9 (RLIN) 192218
852 ## - LOCALIZACIÓN
Ubicación ES-MaACL
Número de control de estantería E-3538
Holdings
Estatus retirado Estado de pérdida Estado de daño No para préstamo Biblioteca de origen Biblioteca actual Ubicación en estantería Fecha de adquisición Fuente de adquisición Total de préstamos Signatura topográfica completa Código de barras Visto por última vez Precio de reemplazo Tipo de ítem Koha
        Biblioteca del Ateneo de Madrid Biblioteca del Ateneo de Madrid Depósito 2 29/10/2015     E-3538 1194396 23/02/2023 23/02/2023 Libro impreso